| 000 | 00768nam a22002177a 4500 | ||
|---|---|---|---|
| 003 | OSt | ||
| 005 | 20260317011240.0 | ||
| 008 | 260317b |||||||| |||| 00| 0 eng d | ||
| 020 | _a0-330-25850-8 | ||
| 040 |
_aDWCL GS lib _cOC |
||
| 082 | _aS532s 1979 | ||
| 100 | _aSHARP, MARILYN | ||
| 245 |
_aSunflower _cMARILYN SHARP |
||
| 260 |
_aLondon _bPan Books _c1979 |
||
| 300 |
_a222 p _c18 cm |
||
| 520 | _aSomeone high up in government has become a deadly security leak and there is only one way to track him down - kidnap the President's four-year-old daughter and force his hand. | ||
| 650 | _aThis book documents the growth of a sunflower from a seed to a tall | ||
| 650 | _aresilience, positivity, and growth | ||
| 700 | _aMARILYN SHARP | ||
| 942 |
_2ddc _cFIC. _n0 |
||
| 999 |
_c9191 _d9191 |
||